Competitividad y perspectivas de crecimiento de Chile en las próximas décadas /

En el trabajo se examina la experiencia de desarrollo reciente de Chile y los factores que han influido en ese crecimiento, a partir del análisis de indicadores sobre competitividad internacional. En este contexto se contrasta el patrón de desarrollo de Chile con el de otros países ricos en recursos...

Descripción completa

Detalles Bibliográficos
Autor principal: Vial, Joaquín
Formato: Libro
Lenguaje:inglés
Publicado: Santiago, Chile Cieplan 2003
Colección:Serie estudios socioeconómicos 15
Materias:

MARC

LEADER 00000cam a2200000 a 4500
001 010801
003 UAHC_CL
005 20170803120720.0
008 030527b xx j 000 1 eng
040 |a UAHC_CL  |c UAHC_CL  |d UAHC_CL 
100 1 |a Vial, Joaquín 
245 1 0 |a Competitividad y perspectivas de crecimiento de Chile en las próximas décadas /  |c Joaquín Vial. 
260 |b Cieplan  |c 2003  |a Santiago, Chile 
300 |a 36 p. 
490 0 |a Serie estudios socioeconómicos  |v 15 
520 |a En el trabajo se examina la experiencia de desarrollo reciente de Chile y los factores que han influido en ese crecimiento, a partir del análisis de indicadores sobre competitividad internacional. En este contexto se contrasta el patrón de desarrollo de Chile con el de otros países ricos en recursos naturales, usando tipología desarrollada por Leamer para identificar ventajas comparativas en diversos tipos de bienes. El estudio concluye señalando que Chile debe superar importantes deficiencias en el desarrollo y aplicación de capacidades científicas y tecnológicas a la actividad económica nacional para poder aspirar a cerrar brechas de ingreso que lo separan del mundo desarrollado. 
650 4 |a DESARROLLO ECONOMICO  |z CHILE 
900 |a 338.9 VIA 
942 |c BK 
952 |0 0  |1 0  |4 0  |6 338_900000000000000_VIA  |7 0  |8 General  |9 22057  |a BC  |b BC  |c General  |d 2017-08-03  |l 0  |o 338.9 VIA  |p 1338059  |r 2026-01-13 00:00:00  |t 1  |w 2017-08-03  |y BK 
999 |c 10801  |d 10801